Normal view
MARC view
Entry Personal Name
001 - CONTROL NUMBER
- control field: 82425
003 - CONTROL NUMBER IDENTIFIER
- control field: dpl
005 - DATE AND TIME OF LATEST TRANSACTION
- control field: 20250627141839.0
008 - FIXED-LENGTH DATA ELEMENTS
- fixed length control field: 250627|| aca||aabn | a|a d
040 ## - CATALOGING SOURCE
- Original cataloging agency: dpl
- Transcribing agency: dpl
100 ## - HEADING--PERSONAL NAME
- Personal name: Rajavat, Anand
670 ## - SOURCE DATA FOUND
- Source citation: Work cat.: (dpl)211988: Intelligent Interactions and Knowledge Discovery in Future Based Advance Computing/, 2023
